| 000 | 00815nam a2200181 a 4500 | ||
|---|---|---|---|
| 008 | 061108s2006 ||||||||||||||||| || u | ||
| 020 | _a9211614902 | ||
| 050 | _aUN-ESA(02) | ||
| 110 | _aUnited Nations Economic and Social Affairs (UNESA) | ||
| 245 | 1 | 0 |
_aManual for the national standardization of geographical names: United Nations group of experts on geographical names _cby United Nations Economic and Social Affairs (UN-ESA) |
| 260 |
_aNew York: _bUN-ESA _c2006 |
||
| 300 | _ax, 169p. : ill. | ||
| 350 | _a0.00 | ||
| 650 | _aUnited Nations--Environmental policy | ||
| 650 | _aNAMES, GEOGRAPHICAL--STANDARD | ||
| 650 | _aGEOGRAPHY | ||
| 995 |
_D0.00 _FCBU-MAIN LIBRARY (Kitwe) _H1 _I0.00 _M1 _UAVAILABLE _WNov 8, 2006 _ZInternational Publications |
||
| 999 |
_c50278 _d50278 |
||